000 00947cam a22002294a 4500
005 20250605164158.0
008 250528s ||||||||||||||||||||||||d
035 _a19695
020 _a9603590703
040 _aGR-AtMCL
_bgre
_dGR-AtMCL
_eAACR2
245 1 _aΠΟΣΟΤΙΚΗ ΑΝΑΛΥΣΗ ΓΙΑ ΤΗ ΛΗΨΗ ΔΙΟΙΚΗΤΙΚΩΝ ΑΠΟΦΑΣΕΩΝ ΤΟΜΟΣ Β
250 _a1
260 _bΜπένου,
_c2000
300 _a391
505 0 _aΠΟΣΟΤΙΚΗ ΑΝΑΛΥΣΗ ΛΗΨΗ ΑΠΟΦΑΣΕΩΝ ΤΕΧΝΙΚΕΣ ΓΡΑΜΜΙΚΟΣ ΠΡΟΓΡΑΜΜΑΤΙΣΜΟΣ ΜΕΘΟΔΟΣ SIMPLEX
520 _aΠΟΣΟΤΙΚΗ ΑΝΑΛΥΣΗ ΛΗΨΗ ΑΠΟΦΑΣΕΩΝ ΤΕΧΝΙΚΕΣ ΓΡΑΜΜΙΚΟΣ ΠΡΟΓΡΑΜΜΑΤΙΣΜΟΣ ΜΕΘΟΔΟΣ SIMPLEX
700 1 _aΓεωργιου Ανδρεας Κ
_95898
700 1 _aΟικονομου Γεωργιος Σ
942 _cBK
999 _c4951
_d4951